Statistiken für Firmen Logos

Klicken Sie hier um das Quiz zu spielen!

Allgemein

  • Dieses Quiz wurde 1.571 mal gespielt
  • Das Durchschnittsergebnis liegt bei 18 aus 28

Antwortstatistiken

Antwort% Korrekt
CocaCola
96%
Subway
96%
Domino's
94%
Dove
90%
Skoda
89%
Safari
86%
Doritos
85%
Nickelodeon
83%
Rolex
80%
Airbnb
76%
Lipton
75%
BBC
73%
New Balance
66%
Mountain Dew
64%
Aston Martin
61%
Reese's
61%
Harley Davidson
59%
evian
57%
Old Spice
53%
Under Armour
51%
umbro
47%
Tabasco
43%
Kraft
42%
Walmart
36%
McLaren
32%
Häagen-Dazs
29%
Uniqlo
19%
Krispy Kreme
11%

Verteilung der Resultate

Perzentil nach korrekt beantworteten Fragen

Anzahl Personen mit jedem Resultat

Ihre Resultats-Entwicklung

Sie haben dieses Quiz noch nicht gespielt